000 00792nam a2200289Ia 4500
003 OSt
005 20220912151226.0
006 a|||||r|||| 00| 0
007 ta
008 220909b |||||||| |||| 00| 0 eng d
024 _a43909
037 _cTextual
040 _aCSL
_beng
_cCSL
041 _aeng
082 _aG91:(E9G), L4
100 _aKwapinskl J B G Ed.
245 0 _aMolecular microbiology
260 _aNew York
_b John Wiley
_c1974
300 _avii, 484p.
_ccm.
650 _a Microbiology
650 _aBiology
700 _a Bradley S G Ed.
700 _a Brown F R Ed.
700 _a Burton P R Ed.
942 _hG91:(E9G), L4
_cTEXL
_2CC
999 _c63973
_d63973